000 01054nam a2200301Ia 4500
001 Para_5771
003 CHAP
008 220125s1983 xx 000 0 und d
010 _a204266
040 _cCHAP
090 _aPA TESIS 100
100 _aEspinosa Carrillo, Luis Othón
_937903
245 _aDeterminación del género y fluctuación de la polbación de un ácaro de la familia Erythraeidae, en la alfalfa, Medicago sativa L. en la región de Chapingo, Méx. /
_c por Luis Othón Espinosa Carrillo
260 _aChapingo, Méx. :
_b el autor
300 _a69 h.
502 _aTesis (Ing. Agr. Esp. en Parasitología Agrícola) -- UACh. Departamento Parasitología Agrícola
650 _aAcaros
650 _aAlfalfa
_x plagas
_93882
650 _aErythraeidae
_9170219
710 _aUACh. Departamento Parasitología Agrícola
_9164025
901 _aPA TESIS 100
902 _aA
905 _a0000001983 ai 0000000000 00
910 _a1983
942 _cPARA
942 _cPARA
_d1
999 _c204266
_d204266